Repair it with effective partnering (Record no. 104803)
[ view plain ]
| 000 -LEADER | |
|---|---|
| fixed length control field | 01527cam a2200241 4500 |
| 001 - CONTROL NUMBER | |
| control field | ##L131700 |
| 008 - FIXED-LENGTH DATA ELEMENTS--GENERAL INFORMATION | |
| fixed length control field | 051130n2005 000 0 eng u |
| 020 ## - INTERNATIONAL STANDARD BOOK NUMBER | |
| International Standard Book Number | 1860818870 |
| 035 ## - SYSTEM CONTROL NUMBER | |
| System control number | (Sirsi) u131700 |
| 041 0# - LANGUAGE CODE | |
| Language code of text/sound track or separate title | eng |
| 050 04 - LIBRARY OF CONGRESS CALL NUMBER | |
| Classification number | 690.24 $2 18 |
| 100 1# - MAIN ENTRY--PERSONAL NAME | |
| Personal name | Prior, Josephine J. |
| 245 00 - TITLE STATEMENT | |
| Title | Repair it with effective partnering |
| Remainder of title | guide to contractual relationships for cost effective responsive maintenance |
| 260 ## - PUBLICATION, DISTRIBUTION, ETC. | |
| Place of publication, distribution, etc. | Watford |
| Name of publisher, distributor, etc. | BRE |
| Date of publication, distribution, etc. | 2005 |
| 300 ## - PHYSICAL DESCRIPTION | |
| Extent | iv, 55 |
| Other physical details | ill, tables, graphs |
| Dimensions | 30cm |
| 350 ## - PRICE (NR) (BK AM CF MU VM SE) [OBSOLETE] | |
| Price | 47.50 |
| 490 #0 - SERIES STATEMENT | |
| Series statement | BRE 484 |
| 505 2# - FORMATTED CONTENTS NOTE | |
| Formatted contents note | Project partners approach to responsive maintenance - guidance on what you should do - value for money in public procurement - contractual arrangements used in responsive maintenance - case studies of responsive maintenance in action |
| 520 ## - SUMMARY, ETC. | |
| Summary, etc. | Maintenance and refurbishment account for just over half of construction spend in the UK. Partnering can help property owners simplify their administrative processes and achieve cost effective responsive maintenance by reducing response times. This guide examines the issues and identifies the key processes involved in effective partnering with contractors. It provides practical advice on how to manage these processes effectively and sets out the benefits of partnering. A number of case studies are used to illustrate successful client / contractor relationships, and to examine how probity, quality control and cost control are managed. |
| 690 ## - LOCAL SUBJECT ADDED ENTRY--TOPICAL TERM (OCLC, RLIN) | |
| Topical term or geographic name as entry element | Refurbishment |
| 9 (RLIN) | 6264 |
| 700 1# - ADDED ENTRY--PERSONAL NAME | |
| Personal name | Nowak, Fran |
| 942 ## - ADDED ENTRY ELEMENTS (KOHA) | |
| Suppress in OPAC | 0 |
| Withdrawn status | Lost status | Source of classification or shelving scheme | Damaged status | Not for loan | Home library | Current library | Shelving location | Date acquired | Cost, normal purchase price | Total Checkouts | Full call number | Barcode | Date last seen | Date last checked out | Copy number | Cost, replacement price | Price effective from | Koha item type |
|---|---|---|---|---|---|---|---|---|---|---|---|---|---|---|---|---|---|---|
| Dewey Decimal Classification | London | London | Books | 23/12/2005 | 52.25 | 9 | F690.24 PRI | 30071450 | 06/08/2019 | 27/03/2007 | 1 | 52.25 | 06/08/2019 | Book |